Las actitudes del profesorado ante la coeducación: propuesta de intervención
Saved in:
| Hovedforfatter: | |
|---|---|
| Format: | Bog |
| Sprog: | spansk |
| Udgivet: |
Barcelona
Graó
1997
|
| Udgivelse: | 1a. ed |
| Serier: | Biblioteca de Aula, 114
|
| Fag: | |
| Tags: |
Tilføj Tag
Ingen Tags, Vær først til at tagge denne postø!
|
MARC
| LEADER | 00000cam a2200000 a 4500 | ||
|---|---|---|---|
| 001 | UCD7021 | ||
| 003 | CL-VaPUC | ||
| 008 | 170303e19970400sp |||||||||||||||||spa|d | ||
| 020 | |a 8478271619 | ||
| 082 | 0 | 4 | |a 372.372 |b BON |2 21 |
| 100 | 0 | |a Bonal, Xavier |e author |9 590964 | |
| 245 | 1 | 4 | |a Las actitudes del profesorado ante la coeducación: propuesta de intervención |
| 250 | |a 1a. ed | ||
| 300 | |a 109 p | ||
| 942 | |c BK | ||
| 945 | |d 20170303 17:35:00 |a arojas | ||
| 260 | |a Barcelona |b Graó |c 1997 | ||
| 650 | 7 | |a COEDUCACION |2 CL-VaPUC |9 327485 | |
| 650 | 0 | |a Educación sexual |9 308005 | |
| 650 | 0 | |a Comportamiento sexual |9 334955 | |
| 650 | 7 | |a ROL DOCENTE |2 CL-VaPUC |9 590965 | |
| 650 | 0 | |a Valores sociales |9 309627 | |
| 583 | |a last modification |c 20170303 17:35:00 |k Rodrigo Vera | ||
| 490 | 0 | |a Biblioteca de Aula, 114 | |
| 999 | |c 367188 |d 367186 | ||
| 952 | |0 0 |1 0 |3 erb |4 0 |6 372_372000000000000_BON_1997 |7 0 |8 A |9 481882 |a BIBEDU |b BIBEDU |i 5362180 |l 1 |o 372.372 BON 1997 |p 5362180 |r 2022-06-14 |s 2022-06-14 |w 2019-11-24 |y BK |z Catalogado en:20170303 |k EPE | ||